000 00550 a2200217 4500
001 sjds
003 sjds
005 20240423160325.0
008 240423b |||||||| |||| 00| 0 spa d
020 _a9788423695928
020 _a8423695921
040 _csjds
041 _aspa
100 1 _aNavarro Torregrosa, Damaris
245 _aRutindel /
_cDamaris Navarro, Daniel Montero Galan
260 _aBarcelona :
_bEdebe,
_c2012
300 _a176 p. :
_bil. col.
_c20 cm
440 _a Tucan ;
_n6+
700 1 _aMontero Galan, Daniel
942 _cBK
999 _c29435
_d29433